[Event "FRA-ch U12 Girls"]
[Site "Troyes"]
[Date "2010.04.11"]
[Round "1"]
[White "Auvray, Honorine"]
[Black "Decaen, Alexandrine"]
[Result "1-0"]
[WhiteElo "1713"]
[BlackElo "1370"]
[PlyCount "45"]
[EventDate "2010.04.11"]
[EventType "swiss"]
[EventRounds "9"]
[EventCountry "FRA"]
[SourceTitle "EXT 2012"]
[Source "ChessBase"]
[SourceDate "2011.11.24"]
[SourceVersion "1"]
[SourceVersionDate "2011.11.24"]
[SourceQuality "1"]

1. e4 e5 2. Nf3 Nc6 3. Bb5 a6 4. Ba4 Nf6 5. 0-0 Bc5 6. c3 b5 7. Bb3 0-0 8. d4 exd4 9. cxd4 Bb4 10. Bc2 d6 11. Bg5 Ne7 12. Bxf6 gxf6 13. Nc3 Bb7 14. Qd3 Qd7 15. a3 Ba5 16. Ne2 Ng6 17. Ng3 c6 18. Nh5 Bd8 19. Qe3 Kh8 20. Rad1 Bb6 21. Qh6 Rg8 22. Nxf6 Qd8 23. Qxh7# 1-0